000 01684nam a22004337a 4500
003 CHAP
005 20220329134356.0
008 971013s1975 r 00010 d
010 _a19582
011 _a20554
035 _a24642
040 _cCHAP
082 _a526.982
_bA5
110 _aAmerican Society of Photogrammetry. Falls Church, Va.
_95303
245 _aManual of remote sensing.
260 _aFall Church, Va.,
_c1975
300 _a2 v
590 _aBATCH-UPD
_b10
_c20130110
_lUCH01
_h0100
590 _aBATCH-UPD
_b10
_c20130110
_lUCH01
_h1822
590 _aBATCH-UPD
_b10
_c20130410
_lUCH01
_h1156
590 _aBATCH-UPD
_b10
_c20130914
_lUCH01
_h1433
590 _aCONVERSION
_b10
_c20130109
_lUCH01
_h1312
650 1 4 _aFotogrametría aérea.
_942727
650 1 4 _aFotogrametría.
_942720
650 1 4 _aSensores remotos.
_9104427
700 0 _aAnson, Abraham.
_96018
700 0 _aLanden, David.
_964679
700 0 _aReeves, Robert.
_995460
901 _aBK
942 _cLIBRO
949 _a526.982 A5
_bBC
_cLIBRO
_d33724000135570
_eLIBRO
_fv.1 c.2
_h39435
_i24642
_si
949 _a526.982 A5
_bBC
_cLIBRO
_d33724000135588
_eLIBRO
_fv.2 c.2
_h39436
_i24642
_si
949 _a526.982 A5
_bBC
_cLIBRO
_d33724000135596
_eLIBRO
_fv.2 c.4
_h52860
_i24642
_si
949 _a526.982 A5
_bBC
_cLIBRO
_d33724000135604
_eLIBRO
_fv.2 c.3
_h52858
_i24642
_si
949 _a526.982 A5
_bBC
_cLIBRO
_d33724000135695
_eLIBRO
_fv.1
_h39433
_i24642
_si
949 _a526.982 A5
_bBC
_cLIBRO
_d33724000135703
_eLIBRO
_fv.1 c.3
_h52857
_i24642
_si
949 _a526.982 A5
_bBC
_cLIBRO
_d33724000135711
_eLIBRO
_fv.1 c.4
_h52859
_i24642
_si
949 _a526.982 A5
_bBC
_cLIBRO
_d33724000135729
_eLIBRO
_fv.2
_h39434
_i24642
_si
999 _c19582
_d19582